Biblioteca

La familia como raíz de la sociedad / Pierpaolo Donati ; traducido por Carlos Granados García (Registro nro. 44810)

Detalles MARC
000 -LÍDER
Campo fijo de descripción fija 012210000a22002170004500
020 ## - NÚMERO INTERNACIONAL NORMALIZADO PARA LIBROS
Número Internacional Normalizado del libro 978-84-220-1639-7
082 04 - NÚMERO DE CLASIFICACIÓN DECIMAL DEWEY
Número de clasificación G 306.85 D677f
001 - NÚMERO DE CONTROL
Campo de control 18362
100 1# - ASIENTO PRINCIPAL--NOMBRE PERSONAL
Nombre personal Donati, Pierpaolo
245 10 - TÍTULO
Título del Material La familia como raíz de la sociedad / Pierpaolo Donati ; traducido por Carlos Granados García
260 ## - PUBLICACIÓN, DISTRIBUCIÓN, ETC. (PIE DE IMPRENTA)
Lugar de publicación, distribución, etc. Madrid : Biblioteca de Autores Cristianos
300 ## - DESCRIPCIÓN FÍSICA
Extensión 303 p.
336 ## - CONTENT TYPE
Content type term texto
Content type code txt
Source rdacontent
337 ## - MEDIA TYPE
Source rdamedia
Media type term sin mediación
Media type code n
338 ## - CARRIER TYPE
Source rdacarrier
Carrier type term volumen
Carrier type code nc
501 ## - NOTA DE “CON”
Nota de Contenido Rústico
505 00 - NOTA DE CONTENIDO
Nota de contenido con formato preestablecido La familia como realidad relacional -- La familia en el horizonte de la historia -- la identidad masculina y femenina: distinciones y relaciones para una familia y una sociedad a medida de la persona humana -- la pareja y la familia: hacia una búsqueda de un "nosotros" en el que el ser uno mismo; Las virtudes de la familia; la familia contemporánea entre los hechos empíricos y normas éticas -- comparación con el pensamiento social católico -- ¿Qué hacer después de la des-institucionalización de la familia?
650 14 - ASIENTO SECUNDARIO DE MATERIA - TERMINO TEMÁTICO
Término temático o nombre geográfico como elemento de entrada FAMILIA - VIDA RELIGIOSA \ VIDA FAMILIAR \ ETICA SOCIAL \ TEOLOGIA SOCIAL
942 ## - TIPO DE MATERIAL (KOHA)
Tipo de Item KOHA Libros General
Existencias
Estado de Material Estado de Perdido Estado de Dañado No para Préstamo Colección Tomo Biblioteca de Origen Biblioteca Permanente Fecha de Adquisición Total de Préstamos Total de Renovaciones Signatura Topográfica Código de Barras Última vez visto Última vez Préstado Ejemplar/Existencia Fecha de Remplazo Tipo de Material
        Colección General   Biblioteca FUSBC Biblioteca FUSBC 27/05/2014 5 1 G 306.85 D677f 18216 20/10/2025 09/10/2025 1 26/01/2016 Libros General

Biblioteca FUSBC | Teléfono: (57+4) 349 88 10 Ext. 141| WhatsApp (+57) 3005338115 
E-mail: biblioteca@unisbc.edu.co | Calle 76 87-14 Robledo Palenque, Medellín, Colombia

Con tecnología Koha